• 首页
  • 本馆介绍
  • 公告通知
  • 最新文献
  • 馆藏检索
  • 电子资源
  • 读者导购
  • 参考咨询
  • 我的图书馆
  • 登录
  • 详细信息显示
  • 放入我的书架
  • 预约/预借图书
  • 作者相关作品
  • 分类相关作品
  • 丛书相关作品
  • 出版社相关作品

书目信息

  • 表格格式
  • 工作单格式
  • 卡片格式
题名:
圆月弯刀
    
 
作者: 古龙
分册:  
出版信息:   珠海出版社  1995.03
页数: 538页
开本: 32开
丛书名:
单 册:
中图分类: I247.4
科图分类:
主题词: 小说--中国
电子资源:
ISBN: 7-80607-093-1
000 00476nam0 2200181 45
001 9911301546
005 19991130154505.1
010    @a7-80607-093-1@d19.80
100    @a19991130d1995 km y0chiy0120 ea
101    @achi
105    @a z 000yy
200 1  @a圆月弯刀@AYuan Yue Wan Dao@f古龙@FGu Long
210    @c珠海出版社@d1995.03
215    @a538页@c无图表@d32开
606 0  @a小说@x中国
690    @aI247.4@v3
801    @aCN@bPerfectUser@c19991130
905    @aBZT@dI247.4@e114
    
    圆月弯刀/古龙.-珠海出版社,1995.03
    538页:无图表;32开
    
    
    ISBN 7-80607-093-1:19.80
    
●
相关链接 在五车中查询图书 在当当中查询图书 在豆瓣中查询图书


正题名:圆月弯刀     索取号:I247.4/114         预约/预借

序号 登录号 条形码 馆藏地/架位号 状态 备注
1 440207   210681920   中心书库中库/打包BH1705/ [索取号:I247.4/114] 在馆    
2 63998   200219691   中心书库中库/打包BH1705/ [索取号:I247.4/114] 在馆    
山东省滨州职业学院图书馆 欢迎您!
大连网信软件有限公司© 版权所有